<?xml version="1.0" encoding="UTF-8"?>
<record
    xmlns:xsi="http://www.w3.org/2001/XMLSchema-instance"
    xsi:schemaLocation="http://www.loc.gov/MARC21/slim http://www.loc.gov/standards/marcxml/schema/MARC21slim.xsd"
    xmlns="http://www.loc.gov/MARC21/slim">

  <leader>01285nam0a22002891  4500</leader>
  <controlfield tag="001">rc\3741935</controlfield>
  <controlfield tag="005">20250610070437.0</controlfield>
  <datafield tag="021" ind1=" " ind2=" ">
    <subfield code="a">RU</subfield>
    <subfield code="b">[71-24354]</subfield>
  </datafield>
  <datafield tag="035" ind1=" " ind2=" ">
    <subfield code="a">(NLR Aleph) 007785085</subfield>
  </datafield>
  <datafield tag="090" ind1=" " ind2=" ">
    <subfield code="a">7611329</subfield>
    <subfield code="c">7611329</subfield>
  </datafield>
  <datafield tag="100" ind1=" " ind2=" ">
    <subfield code="a">20130115d1971    |||y0rusy50      ca</subfield>
  </datafield>
  <datafield tag="101" ind1="0" ind2=" ">
    <subfield code="a">rus</subfield>
  </datafield>
  <datafield tag="102" ind1=" " ind2=" ">
    <subfield code="a">RU</subfield>
  </datafield>
  <datafield tag="105" ind1=" " ind2=" ">
    <subfield code="a">a   z   |||a|</subfield>
  </datafield>
  <datafield tag="200" ind1="1" ind2=" ">
    <subfield code="a">&#x418;&#x43D;&#x434;&#x443;&#x441;&#x442;&#x440;&#x438;&#x430;&#x43B;&#x44C;&#x43D;&#x430;&#x44F; &#x441;&#x432;&#x438;&#x440;&#x435;&#x43B;&#x44C;</subfield>
    <subfield code="e">&#x421;&#x442;&#x438;&#x445;&#x43E;&#x442;&#x432;&#x43E;&#x440;&#x435;&#x43D;&#x438;&#x44F;, &#x43F;&#x43E;&#x44D;&#x43C;&#x44B; ["&#x41F;&#x43E;&#x441;&#x442;&#x443;&#x43F;&#x44C; &#x41E;&#x43A;&#x442;&#x44F;&#x431;&#x440;&#x44F;" &#x438; "&#x418;&#x43D;&#x434;&#x443;&#x441;&#x442;&#x440;&#x438;&#x430;&#x43B;&#x44C;&#x43D;&#x430;&#x44F; &#x441;&#x432;&#x438;&#x440;&#x435;&#x43B;&#x44C;"</subfield>
    <subfield code="f">&#x412;&#x441;&#x442;&#x443;&#x43F;. &#x441;&#x442;&#x430;&#x442;&#x44C;&#x44F; &#x418;. &#x410;&#x432;&#x440;&#x430;&#x43C;&#x435;&#x43D;&#x43A;&#x43E;</subfield>
    <subfield code="g">&#x418;&#x43B;.: &#x418;.&#x410;. &#x41A;&#x43E;&#x440;&#x43D;&#x438;&#x43B;&#x43E;&#x432;&#x430;]</subfield>
  </datafield>
  <datafield tag="210" ind1=" " ind2=" ">
    <subfield code="a">&#x41B;&#x435;&#x43D;&#x438;&#x43D;&#x433;&#x440;&#x430;&#x434;</subfield>
    <subfield code="c">&#x41B;&#x435;&#x43D;&#x438;&#x437;&#x434;&#x430;&#x442;</subfield>
    <subfield code="d">1971</subfield>
  </datafield>
  <datafield tag="215" ind1=" " ind2=" ">
    <subfield code="a">183 &#x441;.</subfield>
    <subfield code="c">&#x438;&#x43B;.</subfield>
    <subfield code="d">16</subfield>
  </datafield>
  <datafield tag="464" ind1=" " ind2="0">
    <subfield code="1">2001#$a&#x41F;&#x43E;&#x441;&#x442;&#x443;&#x43F;&#x44C; &#x41E;&#x43A;&#x442;&#x44F;&#x431;&#x440;&#x44F;$e&#x41F;&#x43E;&#x44D;&#x43C;&#x430;$a&#x418;&#x43D;&#x434;&#x443;&#x441;&#x442;&#x440;&#x438;&#x430;&#x43B;&#x44C;&#x43D;&#x430;&#x44F; &#x441;&#x432;&#x438;&#x440;&#x435;&#x43B;&#x44C;$e&#x41F;&#x43E;&#x44D;&#x43C;&#x430;</subfield>
    <subfield code="t">&#x418;&#x43D;&#x434;&#x443;&#x441;&#x442;&#x440;&#x438;&#x430;&#x43B;&#x44C;&#x43D;&#x430;&#x44F; &#x441;&#x432;&#x438;&#x440;&#x435;&#x43B;&#x44C;</subfield>
  </datafield>
  <datafield tag="700" ind1=" " ind2="1">
    <subfield code="7">ca</subfield>
    <subfield code="8">rus</subfield>
    <subfield code="a">&#x421;&#x430;&#x434;&#x43E;&#x444;&#x44C;&#x435;&#x432;</subfield>
    <subfield code="b">&#x418;. &#x418;.</subfield>
    <subfield code="c">&#x443;&#x447;&#x430;&#x441;&#x442;&#x43D;&#x438;&#x43A; &#x440;&#x435;&#x432;&#x43E;&#x43B;&#x44E;&#x446;. &#x434;&#x432;&#x438;&#x436;&#x435;&#x43D;&#x438;&#x44F;, &#x43F;&#x43E;&#x44D;&#x442;, &#x43F;&#x435;&#x440;&#x435;&#x432;&#x43E;&#x434;&#x447;&#x438;&#x43A;</subfield>
    <subfield code="f">1889-1965</subfield>
    <subfield code="g">&#x418;&#x43B;&#x44C;&#x44F; &#x418;&#x432;&#x430;&#x43D;&#x43E;&#x432;&#x438;&#x447;</subfield>
    <subfield code="9">176938</subfield>
    <subfield code="3">RU\NLR\AUTH\770176989</subfield>
  </datafield>
  <datafield tag="702" ind1=" " ind2="1">
    <subfield code="a">&#x410;&#x432;&#x440;&#x430;&#x43C;&#x435;&#x43D;&#x43A;&#x43E;</subfield>
    <subfield code="b">&#x418;.</subfield>
    <subfield code="4">080</subfield>
  </datafield>
  <datafield tag="702" ind1=" " ind2="1">
    <subfield code="a">&#x41A;&#x43E;&#x440;&#x43D;&#x438;&#x43B;&#x43E;&#x432;&#x430;</subfield>
    <subfield code="b">&#x418;.&#x410;.</subfield>
    <subfield code="4">440</subfield>
  </datafield>
  <datafield tag="801" ind1=" " ind2="0">
    <subfield code="a">RU</subfield>
    <subfield code="b">NLR</subfield>
    <subfield code="g">psbo</subfield>
  </datafield>
  <datafield tag="801" ind1=" " ind2="1">
    <subfield code="a">RU</subfield>
    <subfield code="b">ELAR</subfield>
    <subfield code="2">rusmarc</subfield>
  </datafield>
  <datafield tag="852" ind1=" " ind2=" ">
    <subfield code="a">NLR</subfield>
    <subfield code="j">71-2/642</subfield>
  </datafield>
  <datafield tag="942" ind1=" " ind2=" ">
    <subfield code="c">BOOK</subfield>
  </datafield>
  <datafield tag="980" ind1=" " ind2=" ">
    <subfield code="a">NB</subfield>
  </datafield>
  <datafield tag="995" ind1=" " ind2=" ">
    <subfield code="5">2013-10-26</subfield>
    <subfield code="b">NLR01</subfield>
    <subfield code="c">NLR01</subfield>
    <subfield code="e">RF31</subfield>
    <subfield code="f">1-1674598</subfield>
    <subfield code="k">71-2/642</subfield>
    <subfield code="o">0</subfield>
    <subfield code="r">BOOK</subfield>
    <subfield code="s">712642_</subfield>
  </datafield>
</record>
